State government. (Record no. 1647)

MARC details
000 -LEADER
fixed length control field 02034cas a2200469 a 4500
001 - CONTROL NUMBER
control field 11315915
003 - CONTROL NUMBER IDENTIFIER
control field OSt
005 - DATE AND TIME OF LATEST TRANSACTION
control field 20230620113024.0
008 - FIXED-LENGTH DATA ELEMENTS--GENERAL INFORMATION
fixed length control field 860514d19861999dcuar 0 a0eng c
010 ## - LIBRARY OF CONGRESS CONTROL NUMBER
LC control number 86646879
Canceled/invalid LC control number sn 86014364
-- 85009657
022 0# - INTERNATIONAL STANDARD SERIAL NUMBER
International Standard Serial Number 0888-8590
ISSN-L 0888-8590
Source 1
035 ## - SYSTEM CONTROL NUMBER
System control number (OCoLC)ocm13566983
040 ## - CATALOGING SOURCE
Original cataloging agency VIA
Language of cataloging eng
Transcribing agency VIA
Modifying agency NSD
-- HUL
-- DLC
-- NST
-- DLC
-- NST
-- FUG
-- NST
-- MYG
-- NYG
-- NST
-- IUL
-- NST
-- IUL
-- NST
-- GUA
-- WAU
-- OCLCG
-- OCLCQ
-- TULIB
-- OCLCF
-- OCLCO
-- OCLCQ
-- CSJ
-- OCLCA
-- OCLCQ
-- GILDS
-- OCLCO
-- CPO
-- OCLCA
-- OCLCQ
-- OCLCO
042 ## - AUTHENTICATION CODE
Authentication code nsdp
-- pcc
043 ## - GEOGRAPHIC AREA CODE
Geographic area code n-us---
050 00 - LIBRARY OF CONGRESS CALL NUMBER
Classification number JK2403
Item number .S715
082 00 - DEWEY DECIMAL CLASSIFICATION NUMBER
Classification number 320.973
Edition number 19
Item number BEY
130 0# - MAIN ENTRY--UNIFORM TITLE
Uniform title State government (Washington, D.C.)
210 0# - ABBREVIATED TITLE
Abbreviated title State gov.
Qualifying information (Wash. D.C.)
222 #0 - KEY TITLE
Key title State government
Qualifying information (Washington, D.C.)
245 10 - TITLE STATEMENT
Title State government.
260 ## - PUBLICATION, DISTRIBUTION, ETC. (IMPRINT)
Place of publication, distribution, etc. Washington, D.C. :
Name of publisher, distributor, etc. Congressional Quarterly, Inc.,
Date of publication, distribution, etc. ©1992-©1993.
300 ## - PHYSICAL DESCRIPTION
Extent 14 volumes :
Other physical details illustrations ;
Dimensions 24 cm
310 ## - CURRENT PUBLICATION FREQUENCY
Current publication frequency Annual
336 ## - CONTENT TYPE
Content type term text
Content type code txt
Source rdacontent
337 ## - MEDIA TYPE
Media type term unmediated
Media type code n
Source rdamedia
338 ## - CARRIER TYPE
Carrier type term volume
Carrier type code nc
Source rdacarrier
362 0# - DATES OF PUBLICATION AND/OR SEQUENTIAL DESIGNATION
Dates of publication and/or sequential designation 1985-86-1998-99.
500 ## - GENERAL NOTE
General note Edited by Thad L. Beyle.
590 ## - LOCAL NOTE (RLIN)
Local note SERBIB/SERLOC merged record
650 #0 - SUBJECT ADDED ENTRY--TOPICAL TERM
Topical term or geographic name as entry element State governments
Form subdivision Periodicals.
650 #7 - SUBJECT ADDED ENTRY--TOPICAL TERM
Topical term or geographic name as entry element State governments.
Source of heading or term fast
Authority record control number (OCoLC)fst01131814
655 #7 - INDEX TERM--GENRE/FORM
Genre/form data or focus term Periodicals.
Source of term fast
Authority record control number (OCoLC)fst01411641
655 #7 - INDEX TERM--GENRE/FORM
Genre/form data or focus term Periodicals.
Source of term lcgft
700 1# - ADDED ENTRY--PERSONAL NAME
Personal name Beyle, Thad L.,
Dates associated with a name 1934-2018.
710 2# - ADDED ENTRY--CORPORATE NAME
Corporate name or jurisdiction name as entry element Congressional Quarterly, inc.
776 08 - ADDITIONAL PHYSICAL FORM ENTRY
Relationship information Online version:
Title State government (Washington, D.C.)
Record control number (OCoLC)649585468
785 00 - SUCCEEDING ENTRY
Title State and local government (Washington, D.C.)
Record control number (DLC)sn 99047347
-- (OCoLC)42061408
906 ## - LOCAL DATA ELEMENT F, LDF (RLIN)
a 7
b cbc
c serials
d 2
e ncip
f 19
g n-oclcserc
942 ## - ADDED ENTRY ELEMENTS (KOHA)
Source of classification or shelving scheme Dewey Decimal Classification
Koha item type Books
Holdings
Withdrawn status Lost status Source of classification or shelving scheme Damaged status Not for loan Home library Current library Date acquired Total Checkouts Full call number Barcode Checked out Date last seen Price effective from Koha item type
    Dewey Decimal Classification     County Hall Archives County Hall Archives 06/20/2023   320.973 BEY 10000732 09/28/2021 06/20/2023 06/20/2023 Books
LIBRARY OPENING HOURS

When the Parliament is sitting: 8.00a.m - 7.00p.m or until the house adjourns
Mondays and Fridays and when the House is on Recess:  8.00a.m - 5.00p.m
Closed on Weekends and Public Holidays

Online Public Access Catalog (OPAC)
Website: http://www.parliament.go.ke
Bunge Library: https://libraryir.parliament.go.ke
Contact: library@parliament.go.ke | Tel no: (254-2)2221291 or 2848000 Ext 5043